| 000 | 00432nam a2200145 a 4500 | ||
|---|---|---|---|
| 001 | 000040184 | ||
| 005 | 20201002033952.0 | ||
| 008 | 130814s1966 sp ac 000 0 spa d | ||
| 040 |
_aDO-SdBNP _bspa _cBNPHU |
||
| 100 | 1 |
_aPanyella, Augusto _966455 |
|
| 245 | 1 | 0 |
_aRazas humanas / _cAugusto Panyella. |
| 260 |
_aBarcelona : _bRamón Sopena, _c1966. |
||
| 300 |
_a703 p. : _bils., retrs. ; _c22 cm. |
||
| 500 | _aIncluye índice alfabético | ||
| 999 |
_c39674 _d39674 |
||